Länder mit Gebieten auf dem Balkan - Statistiken

Allgemein
  • Dieses Quiz wurde 27.656 mal gespielt
  • Das Durchschnittsergebnis liegt bei 12 aus 13
Antwortstatistiken
Prozent Land % Korrekt
>99% Albanien
96%
54% Kroatien
96%
65% Serbien
96%
>99% Bosnien und Herzegowina
94%
100% Kosovo
94%
80% Griechenland
93%
>99% Bulgarien
92%
100% Nordmazedonien
92%
>99% Montenegro
91%
5% Rumänien
91%
50% Slowenien
91%
3% Türkei
82%
0.1% Italien
65%
Keine übereinstimmenden Quizze gefunden
Verteilung der Resultate
Anzahl Personen mit jedem Resultat
Perzentil nach korrekt beantworteten Fragen
Ihre Resultats-Entwicklung
Sie haben dieses Quiz noch nicht gespielt